[Event "Pobeskydy op"]
[Site "Frydek Mistek"]
[Date "2016.03.27"]
[Round "7"]
[White "Matras, Ondrej"]
[Black "Horvat, David"]
[Result "1-0"]
[WhiteElo "2239"]
[BlackElo "2181"]
[PlyCount "251"]
[EventDate "2016.03.24"]
[EventType "swiss"]
[EventRounds "9"]
[EventCountry "CZE"]
[SourceTitle "CBM 171 Extra"]
[Source "ChessBase"]
[SourceDate "2016.04.26"]
[SourceVersion "1"]
[SourceVersionDate "2016.04.26"]
[SourceQuality "1"]

1. d4 Nf6 2. c4 g6 3. Nc3 Bg7 4. e4 d6 5. f3 0-0 6. Be3 c5 7. dxc5 dxc5 8. Qxd8 Rxd8 9. Bxc5 Nc6 10. Nge2 Nd7 11. Ba3 Nde5 12. Nf4 e6 13. Rd1 Rxd1+ 14. Nxd1 a5 15. Bd6 b6 16. Be2 Ba6 17. Ne3 Nd4 18. Bxe5 Bxe5 19. Nd3 Bg7 20. Kf2 Nc6 21. f4 Bd4 22. b3 Bb7 23. Rd1 f6 24. Bf3 Rd8 25. Ke2 Bc3 26. Nc2 e5 27. fxe5 fxe5 28. Nf2 Nd4+ 29. Nxd4 Rxd4 30. Rd3 Rxd3 31. Kxd3 Bd4 32. Nd1 Kf7 33. Ne3 h5 34. Nc2 Bg1 35. h3 Ke6 36. a3 Bc6 37. b4 Ba4 38. Ne3 axb4 39. axb4 Kd6 40. g4 hxg4 41. Bxg4 Bc6 42. h4 Bf2 43. h5 gxh5 44. Bxh5 Be1 45. Nc2 Bf2 46. Bf7 Ba4 47. Ne3 Be1 48. Nf5+ Kd7 49. b5 Bf2 50. Bh5 Be1 51. Ne3 Bf2 52. Nf5 Be1 53. Ke2 Bb4 54. Ne3 Kd6 55. Kd3 Bc5 56. Nd5 Bd4 57. Nc3 Bb3 58. Ne2 Bf2 59. Nc1 Ba4 60. Kd2 Bd4 61. Nd3 Bb3 62. Bf7 Ba4 63. Bd5 Ke7 64. Nb4 Kd6 65. Bf7 Ke7 66. Bd5 Kd6 67. Nc6 Bc5 68. Bf7 Bg1 69. Bh5 Bf2 70. Bd1 Bxd1 71. Kxd1 Bg3 72. Ke2 Kc5 73. Kd3 Kd6 74. Nb4 Bf2 75. Ke2 Bg1 76. Nd3 Bd4 77. Kf3 Bc3 78. Kg4 Bd4 79. Kf5 Bc3 80. Kf6 Bd4 81. Kf7 Be3 82. Ke8 Bg5 83. Kf7 Be3 84. Kf6 Bd4 85. Kf5 Bc3 86. Kg4 Bd4 87. Kf3 Bg1 88. Ke2 Bd4 89. Kd2 Bg1 90. Kc3 Be3 91. Nb4 Bf2 92. Kd3 Bc5 93. Nd5 Bd4 94. Kc2 Bf2 95. Kb3 Bc5 96. Nb4 Be3 97. Nd3 Bd4 98. Kb4 Be3 99. c5+ bxc5+ 100. Kc4 Bd4 101. Ne1 Kc7 102. Nf3 Kd6 103. Nh4 Kc7 104. Ng6 Kb6 105. Ne7 Ka5 106. Nd5 Bf2 107. Nf6 Bg1 108. Nd7 Bd4 109. Nxc5 Kb6 110. Nd7+ Kc7 111. Nf6 Kb6 112. Nd5+ Ka5 113. Ne7 Kb6 114. Nc6 Bb2 115. Nb4 Bd4 116. Nd3 Ba1 117. Nc5 Bd4 118. Nd7+ Kc7 119. Nf6 Kb6 120. Ng4 Ka5 121. Nh6 Kb6 122. Nf7 Ka5 123. Nd6 Kb6 124. Kd5 Bc5 125. Kxe5 Kc7 126. Nc4 1-0

[Event "Pobeskydy op"]
[Site "Frydek Mistek"]
[Date "2016.03.26"]
[Round "6"]
[White "Horvat, David"]
[Black "Koloditsova, Renata"]
[Result "1-0"]
[WhiteElo "2181"]
[BlackElo "1970"]
[PlyCount "49"]
[EventDate "2016.03.24"]
[EventType "swiss"]
[EventRounds "9"]
[EventCountry "CZE"]
[SourceTitle "CBM 171 Extra"]
[Source "ChessBase"]
[SourceDate "2016.04.26"]
[SourceVersion "1"]
[SourceVersionDate "2016.04.26"]
[SourceQuality "1"]

1. e4 e6 2. d4 d5 3. Nc3 Bb4 4. exd5 exd5 5. Nf3 Nf6 6. Bd3 0-0 7. 0-0 Bg4 8. Bg5 Be7 9. h3 Bh5 10. Re1 Nc6 11. g4 Bg6 12. Nh4 Qd7 13. Bf5 Bxf5 14. Nxf5 Bd8 15. Qd2 Ne8 16. Bf4 Bf6 17. Ne2 Kh8 18. c3 Ne7 19. Nxe7 Bxe7 20. Ng3 Bd6 21. Nf5 Bxf4 22. Qxf4 c6 23. Re7 Qc8 24. Rae1 Qb8 25. Qg5 1-0

[Event "Pobeskydy op"]
[Site "Frydek Mistek"]
[Date "2016.03.26"]
[Round "5"]
[White "Sysala, Stanislav"]
[Black "Horvat, David"]
[Result "0-1"]
[WhiteElo "1735"]
[BlackElo "2181"]
[PlyCount "64"]
[EventDate "2016.03.24"]
[EventType "swiss"]
[EventRounds "9"]
[EventCountry "CZE"]
[SourceTitle "CBM 171 Extra"]
[Source "ChessBase"]
[SourceDate "2016.04.26"]
[SourceVersion "1"]
[SourceVersionDate "2016.04.26"]
[SourceQuality "1"]

1. Nf3 Nf6 2. g3 g6 3. Bg2 Bg7 4. 0-0 0-0 5. d3 d6 6. Nbd2 c5 7. c3 Nc6 8. Rb1 Rb8 9. b4 Nd5 10. Ne4 cxb4 11. cxb4 Ndxb4 12. Qa4 b5 13. Qa3 Nc2 14. Qb3 N6d4 15. Nxd4 Nxd4 16. Qd1 Bg4 17. f3 Be6 18. Qd2 Qb6 19. Kh1 Rfc8 20. e3 Nc2 21. d4 a5 22. Nc3 Bc4 23. Qxc2 Bxf1 24. Bxf1 b4 25. Qb3 Rxc3 26. Qa4 Qc6 27. Qxc6 Rxc6 28. Bb2 Rc2 29. Kg1 Rbc8 30. Bb5 Rd2 31. Ba4 Re2 32. e4 Rxb2 0-1

[Event "Pobeskydy op"]
[Site "Frydek Mistek"]
[Date "2016.03.25"]
[Round "4"]
[White "Horvat, David"]
[Black "Miculka, Petr"]
[Result "1-0"]
[WhiteElo "2181"]
[BlackElo "2016"]
[PlyCount "91"]
[EventDate "2016.03.24"]
[EventType "swiss"]
[EventRounds "9"]
[EventCountry "CZE"]
[SourceTitle "CBM 171 Extra"]
[Source "ChessBase"]
[SourceDate "2016.04.26"]
[SourceVersion "1"]
[SourceVersionDate "2016.04.26"]
[SourceQuality "1"]

1. e4 c5 2. Nf3 Nc6 3. d4 cxd4 4. Nxd4 Nf6 5. Nc3 e5 6. Ndb5 d6 7. Bg5 a6 8. Na3 b5 9. Nd5 Be7 10. Bxf6 Bxf6 11. c4 b4 12. Nc2 a5 13. g3 Bg5 14. h4 Bh6 15. Bh3 Be6 16. Bxe6 fxe6 17. Qh5+ Kd7 18. Qg4 Re8 19. Rd1 Kc8 20. 0-0 Kb7 21. Nde3 Qe7 22. Qe2 Bxe3 23. Qxe3 Ra6 24. Rd2 Nb8 25. a3 Rb6 26. axb4 axb4 27. Na1 Rc8 28. Nb3 Na6 29. Rfd1 Qc7 30. c5 Nxc5 31. Na5+ Kb8 32. Nc4 Rc6 33. Nxd6 Rd8 34. Nb5 Rxd2 35. Qxd2 Qb6 36. Qxb4 Nxe4 37. Qxe4 Qxb5 38. Qxh7 Qb7 39. Qe4 Qc7 40. Rd3 Rc4 41. Rb3+ Ka7 42. Ra3+ Kb6 43. Qa8 Qc8 44. Rb3+ Kc7 45. Qxc8+ Kxc8 46. Rc3 1-0

[Event "Pobeskydy op"]
[Site "Frydek Mistek"]
[Date "2016.03.24"]
[Round "1"]
[White "Budnik, Mateusz"]
[Black "Horvat, David"]
[Result "0-1"]
[WhiteElo "2048"]
[BlackElo "2181"]
[PlyCount "62"]
[EventDate "2016.03.24"]
[EventType "swiss"]
[EventRounds "9"]
[EventCountry "CZE"]
[SourceTitle "CBM 171 Extra"]
[Source "ChessBase"]
[SourceDate "2016.04.26"]
[SourceVersion "1"]
[SourceVersionDate "2016.04.26"]
[SourceQuality "1"]

1. e4 c5 2. Nf3 d6 3. d4 cxd4 4. Nxd4 Nf6 5. Nc3 a6 6. h3 e5 7. Nde2 h5 8. g3 Be7 9. Bg2 Nbd7 10. Be3 b5 11. Nd5 Nxd5 12. Qxd5 Rb8 13. 0-0 Bb7 14. Qd2 0-0 15. Nc3 Rc8 16. Rac1 Nb6 17. Bxb6 Qxb6 18. h4 Rc4 19. Qe2 g6 20. Kh2 Rfc8 21. Nd1 Bf8 22. Ne3 Ra4 23. b3 Rxa2 24. g4 Qd8 25. Kh3 Rc3 26. gxh5 Bc8+ 27. Kg3 Bh6 28. Bf3 Bf4+ 29. Kg2 Qxh4 30. Rh1 Qg5+ 31. Bg4 Bxe3 0-1

[Event "CRO-chT2 Center"]
[Site "Croatia"]
[Date "2015.09.13"]
[Round "8.15"]
[White "Horvat, David"]
[Black "Dotlic, Zdravko"]
[Result "1-0"]
[WhiteElo "2203"]
[BlackElo "2036"]
[PlyCount "74"]
[EventDate "2015.03.22"]
[EventType "team-tourn"]
[EventRounds "11"]
[EventCountry "CRO"]
[SourceTitle "EXT 2016"]
[Source "ChessBase"]
[SourceDate "2015.10.08"]
[SourceVersion "1"]
[SourceVersionDate "2015.10.08"]
[SourceQuality "1"]

1. e4 c5 2. Nf3 d6 3. d4 cxd4 4. Nxd4 Nf6 5. Nc3 g6 6. Be3 Bg7 7. f3 0-0 8. Qd2 Nc6 9. Bc4 Bd7 10. 0-0-0 Qa5 11. Bb3 Rfc8 12. Kb1 Ne5 13. Bg5 Rc5 14. f4 Nc4 15. Bxc4 Rxc4 16. Nb3 Qc7 17. e5 dxe5 18. Bxf6 Bxf6 19. Qxd7 exf4 20. Qxc7 Rxc7 21. Nd5 Rc6 22. Rhe1 Kg7 23. Nxe7 Re6 24. Nd5 Rxe1 25. Rxe1 g5 26. c3 Rd8 27. Nxf6 Kxf6 28. Nd4 h5 29. Kc2 Rd7 30. Kd3 Kg6 31. Re8 f5 32. Ke2 g4 33. Rg8+ Kf6 34. Rf8+ Kg6 35. Nxf5 Kg5 36. Nd4 Re7+ 37. Kf2 h4 1-0

[Event "CRO-chT2 Center"]
[Site "Croatia"]
[Date "2015.09.13"]
[Round "7.15"]
[White "Prihoda, Leonardo"]
[Black "Horvat, David"]
[Result "1-0"]
[WhiteElo "1954"]
[BlackElo "2203"]
[PlyCount "77"]
[EventDate "2015.03.22"]
[EventType "team-tourn"]
[EventRounds "11"]
[EventCountry "CRO"]
[SourceTitle "EXT 2016"]
[Source "ChessBase"]
[SourceDate "2015.10.08"]
[SourceVersion "1"]
[SourceVersionDate "2015.10.08"]
[SourceQuality "1"]

1. d4 Nf6 2. c4 g6 3. Nc3 Bg7 4. Nf3 0-0 5. Bg5 c5 6. e3 d6 7. Be2 h6 8. Bh4 g5 9. Bg3 Nh5 10. dxc5 Nxg3 11. hxg3 dxc5 12. Qc2 e6 13. Rd1 Qe7 14. Ne4 f5 15. Nc3 Nc6 16. a3 g4 17. Nh4 Ne5 18. f4 gxf3 19. gxf3 Qf7 20. Nb5 b6 21. Nd6 Qc7 22. f4 Nf7 23. Nb5 Qb8 24. Rg1 a6 25. Nc3 Bf6 26. e4 Bd4 27. Rf1 Nd6 28. e5 Bxc3+ 29. bxc3 Ne4 30. g4 Rf7 31. Bf3 Rg7 32. gxf5 exf5 33. Nxf5 Bxf5 34. Bxe4 Bg4 35. Rd6 h5 36. Bd5+ Rf7 37. Bxf7+ Kxf7 38. Qd3 Qb7 39. f5 1-0

[Event "CRO-chT2 Center"]
[Site "Croatia"]
[Date "2015.04.26"]
[Round "6.15"]
[White "Horvat, David"]
[Black "Margeta, Zeljko"]
[Result "1-0"]
[WhiteElo "2170"]
[BlackElo "2082"]
[PlyCount "43"]
[EventDate "2015.03.22"]
[EventType "team-tourn"]
[EventRounds "11"]
[EventCountry "CRO"]
[SourceTitle "EXT 2016"]
[Source "ChessBase"]
[SourceDate "2015.10.08"]
[SourceVersion "1"]
[SourceVersionDate "2015.10.08"]
[SourceQuality "1"]

1. e4 c5 2. Nf3 d6 3. d4 cxd4 4. Nxd4 Nf6 5. Nc3 Nc6 6. Bc4 Bd7 7. f3 Rc8 8. Bb3 Na5 9. Be3 a6 10. g4 Nxb3 11. axb3 g6 12. h4 Qc7 13. Qd2 e5 14. Nde2 Bc6 15. h5 Rd8 16. Nd5 Bxd5 17. exd5 e4 18. Bd4 Be7 19. g5 exf3 20. gxf6 Rd7 21. Nc3 Bf8 22. Qe3+ 1-0

[Event "CRO-chT1B"]
[Site "Bol"]
[Date "2014.10.06"]
[Round "3.5"]
[White "Mestrovic, Zvonimir"]
[Black "Horvat, David"]
[Result "1-0"]
[WhiteElo "2296"]
[BlackElo "2167"]
[PlyCount "55"]
[EventDate "2014.10.04"]
[EventType "team-tourn"]
[EventRounds "9"]
[EventCountry "CRO"]
[SourceTitle "CBM 162 Extra"]
[Source "ChessBase"]
[SourceDate "2014.10.17"]
[SourceVersion "1"]
[SourceVersionDate "2014.10.17"]
[SourceQuality "1"]
[WhiteTeam "Bibinje Goran"]
[BlackTeam "Strigova Stridon"]
[WhiteTeamCountry "CRO"]
[BlackTeamCountry "CRO"]

1. d4 Nf6 2. Nc3 d5 3. Bg5 Nbd7 4. Nf3 g6 5. Qd2 h6 6. Bf4 c6 7. Ne5 Bg7 8. Nxd7 Bxd7 9. Be5 0-0 10. f3 b5 11. g4 Qa5 12. a3 Rac8 13. h4 b4 14. Na2 c5 15. axb4 cxb4 16. Qxb4 Qd8 17. Nc3 Rc4 18. Qa5 Qc8 19. e3 Rc6 20. Bd3 Bxg4 21. fxg4 Qxg4 22. Be2 Qg2 23. Rh2 Qg1+ 24. Kd2 Ne4+ 25. Nxe4 Rxc2+ 26. Kxc2 Qxe3 27. Qxd5 Bxe5 28. dxe5 1-0